000
00310nam a2200121Ia 4500
008
180117s9999 xx 000 0 und d
100
_a
by Luisito batongbakal, Jr
245
_a
Filipiknow
260
_c
2017
300
_a
16-18 pages, 2017 June 4
440
_a
Philippine Panorama
650
_a
YOUNG AND BRAVE
999
_c
353399
_d
353399